|
|
|
|
| LEADER |
00651nab a2200169 i 4500 |
| 001 |
misc3306 |
| 005 |
20191106141830.0 |
| 008 |
170607s1947 hu o 0|| hun d |
| 040 |
|
|
|a SZTE Miscellanea Repozitórium
|b hun
|
| 041 |
|
|
|a hun
|
| 100 |
1 |
|
|a Seléndi Andor
|
| 245 |
1 |
0 |
|a Orosz folyami hajóhadak harcai a Dunán a múlt évszázadban
|h [elektronikus dokumentum] /
|c Seléndi Andor
|
| 260 |
|
|
|c 1947
|
| 300 |
|
|
|a 36-42
|
| 490 |
0 |
|
|a Honvéd : katonai folyóirat
|v 2 No. 1
|
| 695 |
|
|
|a Hadtörténet Oroszország hadiflotta 19. sz., Balkán története Duna 19. sz.
|
| 856 |
4 |
0 |
|u http://misc.bibl.u-szeged.hu/3306/1/honved_002_001_036-042.pdf
|z Dokumentum-elérés
|